000
00225nam a2200097Ia 4500
005
20251222114414.0
008
251222s1900||||xx |||||||||||||| ||spa||
082
_a
DVD0070/A44/1999
245
0
_a
Todo sobre mi madre:
942
_c
DVD
999
_c
2171
_d
2171